Podstawy bankowości i ekonomii - Statystyki

Ogólne statystyki
  • Ten quiz został rozwiązany 355 razy
  • Średni wynik to 18 z 30
Statystyki odpowiedzi
Lp Pytanie Odpowiedź % Poprawnych
3 Rozwiń skrót NBP. Narodowy Bank Polski
98%
2 Jakim terminem określa się postępujący spadek siły nabywczej pieniądza i związany z nim wzrost cen? Inflacja
94%
4 Jakim terminem określa się kupowanie za granicą towarów lub usług i sprowadzanie ich do własnego kraju? Import
93%
10 Jak nazywa się opłata pobierana przez państwo za przewóz towarów przez granice? Cło
83%
16 Rozwiń skrót ZUS. Zakład Ubezpieczeń Społecznych
82%
12 Jaką nazwę nosi podatek pośredni nakładany na niektóre wyroby konsumpcyjne ze względu na wysoką akumulację zysku lub chęci ograniczenia ich spożycia? W Polsce np. na używki (alkohol wysokoprocentowy, papierosy) czy paliwa? Akcyza
81%
14 Jakim terminem określa się zjawisko społeczne polegające na tym, że część ludzi zdolnych do pracy i pragnących ją podjąć nie znajduje zatrudnienia? Bezrobocie
81%
6 Jakim skrótem określa się podatek od wartości dodanej? VAT
80%
8 Jak nazywamy cenę produktu przed doliczeniem stosownych podatków? Cena netto
79%
1 Podobizna którego polskiego władcy znajduje się na banknocie o wartości 20 złotych? Bolesław Chrobry
78%
13 Jakim terminem określamy sytuację rynkową, w której jedyny istniejący lub dominujący sprzedawca może ustalać dogodną dla siebie cenę i wielkość produkcji? Monopol
77%
17 Jakim skrótem określa się podatek od dochodów osobistych? PIT
74%
22 Jakim terminem określa się prawnie ustalony najniższy dopuszczalny poziom wynagrodzenia pieniężnego za pracę najemną na podstawie umowy o pracę? Płaca minimalna
63%
21 Jakim terminem określa się ilość pewnego towaru znajdująca się na rynku -określana krzywą "S"? Podaż
61%
5 Jak określa się nadwyżkę wpływów nad wydatkami? Zysk
60%
27 Jaką nazwę nosi papier wartościowy upoważniający jego posiadacza do udziału w zysku wypracowanym przez spółkę, która wypuściła na rynek ten papier wartościowy? Akcja
55%
11 Jaką nazwę nosi indeks giełdowy dwudziestu największych spółek na warszawskiej giełdzie papierów wartościowych? WIG20
53%
19 Jakim terminem określana jest zwyżka kursów papierów wartościowych lub cen towarów notowanych na giełdzie? Hossa
52%
7 Jakim terminem określa się wymianę pieniędzy związaną z obniżeniem nominału? Denominacja
49%
15 Jak określa się zabezpieczenie roszczeń pieniężnych np. kredytu bankowego na nieruchomości? Hipoteka
48%
29 Jakim terminem określa się część rocznego zysku spółki akcyjnej dzielona między akcjonariuszy? Dywidenda
47%
23 Jak nazywa się pożyczka oprocentowana na wyjątkowo wysoki procent? -teoretycznie nielegalna z punktu widzenia prawa. Lichwa
41%
9 Jak nazywa się proces wypuszczenia w obieg pieniędzy lub papierów wartościowych? Emisja
38%
26 Jakim terminem określa się tzw. schemat Ponziego, przekręt finansowy polegający na wypłacaniu zysku niektórym uczestnikom poprzez wpływy pozostałych uczestników zamiast z wypracowanego kapitału? Piramida finansowa
38%
28 Jaką wartość makroekonomiczną obliczymy wzorem Y=C+I+G? (w przypadku gospodarki zamkniętej) gdzie C to konsumpcja, I to inwestycje a G to wydatki rządkowe. Produkt krajowy brutto
37%
18 W którym mieście znajduje się Europejski Bank Centralny? Frankfurt nad Menem
34%
30 Jakim terminem w księgowości określa się źródła finansowania firmy, na które składają się fundusze własne, zysk, kredyty i pożyczki? Pasywa
33%
24 Jakim terminem określamy sprzedaż towarów za granicę po cenach niższych od cen krajowych w celu zdobycia lub utrzymania obcego rynku zbytu? Dumping
18%
20 Jak określa się zestawienie wartości eksportu i importu danego kraju, sporządzane za okres jednego roku? Bilans handlowy
17%
25 Jakim terminem określa się brak towarów lub pieniędzy w sklepie, magazynie itp. stwierdzony podczas kontroli? Manko
16%
Nie znaleziono quizów pasujących do podanych kryteriów
Rozkład punktacji
Procent ludzi z każdym wynikiem
Percentyl według liczby udzielonych odpowiedzi
Twoja historia wyników
Nie rozwiązałeś tego quizu